00965nam a2200205 a 450000100100000000500170001000800410002704000250006808200150009324500660010826000430017430000270021749000690024459000260031370000300033983000760036995201130044595201840055899900170074200004189320240307183156.0131021s1985 dr a r 000 0 spa d aDO-SdBNPbspacBNPHU axxxxbxxxx00aEnseñanzas de Jimenes Grullón. /cprólogo, Euri Cabral. aSanto Domingo :bUniversitaria,c1985. a51 p. :bil. ;c21 cm.1 aPublicaciones de la Universidad Autónoma de Santo Domingov442 aInventariado, 2019/BT1 aCabral, Eurieprol.91097 0aPublicaciones de la Universidad Autónoma de Santo Domingon442968780 0010718PDaPDbPDcHDd2013-10-21iLF1l0oxxxx xxxxp41893-10r2020-06-25w2020-06-25yLFPDZNo se presta 0010718PDaPDbPDcHDd2015-07-03iLF1l0oxxxx xxxxp41893-20r2020-06-25te.2w2020-06-25yLFPDzPerteneció a la biblioteca personal de la familia Reyes Duluc.ZNo se presta c41382d41382